000 00398nam a2200157Ia 4500
008 231217s9999 xx 000 0 und d
041 _aEnglish
082 _a371.2012 PAD;1 R
100 _aPadmaprasad, S P.
245 0 _aSchool management : for B.ed course
250 _a1st ed.
260 _c2006
_bSumukha
_aBangalore
300 _a157
650 _aSchool,management,B.ed
942 _cAA
999 _c195049
_d195049